Bundesländer mit den meisten Profivereinen - Statistiken

Allgemein
  • Dieses Quiz wurde 406 mal gespielt
  • Das Durchschnittsergebnis liegt bei 5 aus 5
Antwortstatistiken
Vereine Bundesland % Korrekt
8 Bayern
99%
14 Nordrhein Westfalen
99%
8 Baden Württemberg
95%
4 Sachsen
92%
3 Hessen
90%
Keine übereinstimmenden Quizze gefunden
Verteilung der Resultate
Anzahl Personen mit jedem Resultat
Perzentil nach korrekt beantworteten Fragen
Ihre Resultats-Entwicklung
Sie haben dieses Quiz noch nicht gespielt